All 5k+ cities in North Dakota on a map - Statistics

General Stats
  • This quiz has been taken 8 times
  • The average score is 9 of 13
Answers on the Map
Answers color-coded by a green-red scale on the quiz's map according to % correct below.
 
Answer Stats
City Population % Correct
Bismarck 73,622
100%
Fargo 125,990
100%
Grand Forks 59,166
100%
Minot 48,377
100%
Devils Lake 7,192
80%
Dickinson 25,679
80%
Jamestown 15,849
80%
Mandan 24,206
80%
Wahpeton 8,007
60%
West Fargo 38,626
60%
Williston 29,160
60%
Valley City 6,575
20%
Watford City 6,207
0%
No matching quizzes found
Score Distribution
Percent of People with Each Score
Percentile by Number Answered
Your Score History
You have not taken this quiz